[Event "Benidorm 2004 - sub2300"]
[Site "Benidorm ESP"]
[Date "2004.11.22"]
[Round "4.6"]
[White "Renteria, Jorge"]
[Black "Buxade Roca, Guillermo"]
[Result "1-0"]
[WhiteElo "2259"]
[BlackElo "2203"]
[PlyCount "77"]
[EventDate "2004.11.19"]
[EventType "swiss"]
[EventRounds "9"]
[EventCountry "ESP"]
[Source "lmi"]
[SourceDate "2004.11.19"]

1. e4 c5 2. Nf3 Nc6 3. d4 cxd4 4. Nxd4 Nf6 5. Nc3 e5 6. Ndb5 d6 7. Bg5 a6 8.
Na3 h5 9. Bxf6 gxf6 10. Nd5 Be6 11. Nc4 Bxd5 12. exd5 Ne7 13. a4 Bh6 14. a5 Rc8
15. Nb6 Rc7 16. c4 Nf5 17. Bd3 Nd4 18. O-O h4 19. Re1 Kf8 20. Re4 f5 21. Rxd4
exd4 22. Bxf5 Bg7 23. Qg4 Rh6 24. Rd1 Re7 25. b4 Kg8 26. Bd3 Re5 27. f4 Re3 28.
c5 dxc5 29. bxc5 Qe7 30. d6 Re1+ 31. Bf1 Qe3+ 32. Kh1 Rg6 33. Rxe1 Rxg4 34.
Rxe3 dxe3 35. Nd5 Rxf4 36. Nxf4 Bc3 37. Bxa6 Be5 38. Bxb7 Bxf4 39. Bf3 1-0

[Event "Benidorm 2004 - sub2300"]
[Site "Benidorm ESP"]
[Date "2004.11.22"]
[Round "4.7"]
[White "Pena, Alfredo"]
[Black "Sanchez Barbado, Carlos"]
[Result "1/2-1/2"]
[WhiteElo "2242"]
[BlackElo "2082"]
[PlyCount "75"]
[EventDate "2004.11.19"]
[EventType "swiss"]
[EventRounds "9"]
[EventCountry "ESP"]
[Source "lmi"]
[SourceDate "2004.11.19"]

1. e4 c5 2. Nf3 e6 3. d4 cxd4 4. Nxd4 Nf6 5. Bd3 Nc6 6. Nxc6 bxc6 7. c4 d5 8.
Nd2 Bd6 9. Qe2 Qc7 10. h3 O-O 11. O-O e5 12. b3 d4 13. Re1 Nd7 14. Nf1 a5 15.
Bd2 Nc5 16. Ng3 Nxd3 17. Qxd3 c5 18. Nf5 Bxf5 19. exf5 f6 20. a4 Rfb8 21. Rab1
Rb6 22. Rb2 Qb7 23. f3 Rb8 24. Reb1 Qa8 25. Kf2 Re8 26. Re1 Rb7 27. Rbb1 Rbe7
28. Qe4 Qxe4 29. fxe4 Bc7 30. g4 h6 31. h4 Kf7 32. g5 hxg5 33. hxg5 Rh8 34. g6+
Kg8 35. Rh1 Bd8 36. Rxh8+ Kxh8 37. Rh1+ Kg8 38. Rh7 1/2-1/2

[Event "Benidorm 2004 - sub2300"]
[Site "Benidorm ESP"]
[Date "2004.11.22"]
[Round "4.8"]
[White "Martinez Tormo, Jorge"]
[Black "Sanz Montarelo, Teodoro"]
[Result "1/2-1/2"]
[WhiteElo "2240"]
[BlackElo "2162"]
[PlyCount "65"]
[EventDate "2004.11.19"]
[EventType "swiss"]
[EventRounds "9"]
[EventCountry "ESP"]
[Source "lmi"]
[SourceDate "2004.11.19"]

1. e4 c5 2. Nf3 d6 3. d4 cxd4 4. Nxd4 Nf6 5. Nc3 a6 6. Bd3 g6 7. O-O Bg7 8. Nb3
O-O 9. f4 b5 10. a3 Nbd7 11. Qf3 Qc7 12. Bd2 Bb7 13. a4 b4 14. Nd1 e5 15. f5 d5
16. Nf2 Nc5 17. Nxc5 Qxc5 18. Kh1 Rfe8 19. Bg5 dxe4 20. Nxe4 Nxe4 21. Bxe4 Bxe4
22. Qxe4 Rac8 23. f6 Bf8 24. Rac1 Qc4 25. Qe1 Qc6 26. b3 Re6 27. Qh4 Rd8 28.
Be3 a5 29. Qf2 Rdd6 30. Qg3 Rxf6 31. Rxf6 Rxf6 32. Qxe5 Re6 33. Qf4 1/2-1/2

[Event "Benidorm 2004 - sub2300"]
[Site "Benidorm ESP"]
[Date "2004.11.22"]
[Round "4.9"]
[White "Garcia Gata, Jorge David"]
[Black "Dimitrov, Christo"]
[Result "1/2-1/2"]
[WhiteElo "2021"]
[BlackElo "2290"]
[PlyCount "84"]
[EventDate "2004.11.19"]
[EventType "swiss"]
[EventRounds "9"]
[EventCountry "ESP"]
[Source "lmi"]
[SourceDate "2004.11.19"]

1. d4 d5 2. Nf3 Nf6 3. c4 c6 4. Nc3 a6 5. cxd5 cxd5 6. Bf4 Nc6 7. e3 Bg4 8. h3
Bxf3 9. Qxf3 e6 10. Rc1 Qb6 11. Bd3 Qxb2 12. O-O Bb4 13. Na4 Qa3 14. Nb6 Rd8
15. Bb1 Bd6 16. Bxd6 Rxd6 17. Qg3 O-O 18. Na4 Rfd8 19. Nc5 Na5 20. Qh4 Rc8 21.
Nd7 Qxc1 22. Nxf6+ gxf6 23. Bxh7+ Kf8 24. Rxc1 Rxc1+ 25. Kh2 Ke7 26. Qh5 Nc6
27. Qe2 b5 28. Bd3 Rc3 29. Qd2 Ra3 30. h4 e5 31. dxe5 Nxe5 32. Bb1 Ra4 33. Kh3
d4 34. Bc2 dxe3 35. Qxe3 Rad4 36. g3 Rc4 37. Bb3 Rg4 38. f4 Rd3 39. Qa7+ Kf8
40. fxe5 Rdxg3+ 41. Kh2 Rg2+ 42. Kh1 Rg1+ 1/2-1/2

[Event "Benidorm 2004 - sub2300"]
[Site "Benidorm ESP"]
[Date "2004.11.22"]
[Round "4.10"]
[White "Hostalet Ferrer, Pedro Enrique"]
[Black "Garcia Garcia, Ruben"]
[Result "1/2-1/2"]
[WhiteElo "2180"]
[BlackElo "2297"]
[PlyCount "68"]
[EventDate "2004.11.19"]
[EventType "swiss"]
[EventRounds "9"]
[EventCountry "ESP"]
[Source "lmi"]
[SourceDate "2004.11.19"]

1. d4 Nf6 2. c4 g6 3. Nc3 Bg7 4. e4 d6 5. Nf3 O-O 6. Be2 e5 7. dxe5 dxe5 8.
Qxd8 Rxd8 9. Bg5 Na6 10. Nxe5 Re8 11. f4 Nc5 12. Bxf6 Bxf6 13. O-O-O c6 14. b4
Ne6 15. g3 g5 16. Bh5 Bxe5 17. fxe5 Ng7 18. Be2 Rxe5 19. c5 Be6 20. a3 f5 21.
exf5 Nxf5 22. Bg4 Re8 23. Rhe1 Rxe1 24. Rxe1 Ng7 25. Bd1 Bf5 26. Rxe8+ Nxe8 27.
Kd2 Nf6 28. Ke3 Kf7 29. Bf3 Ke6 30. Kd4 h6 31. Ne4 Bxe4 32. Bxe4 Nxe4 33. Kxe4
a6 34. g4 Kf6 1/2-1/2

[Event "Benidorm 2004 - sub2300"]
[Site "Benidorm ESP"]
[Date "2004.11.22"]
[Round "4.11"]
[White "Roche Simon, Miguel A"]
[Black "Goormachtigh, Johan"]
[Result "0-1"]
[WhiteElo "2178"]
[BlackElo "2279"]
[PlyCount "114"]
[EventDate "2004.11.19"]
[EventType "swiss"]
[EventRounds "9"]
[EventCountry "ESP"]
[Source "lmi"]
[SourceDate "2004.11.19"]

1. e4 c5 2. Nf3 Nc6 3. d4 cxd4 4. Nxd4 g6 5. Nc3 Bg7 6. Be3 Nf6 7. Be2 O-O 8.
O-O d5 9. exd5 Nxd5 10. Nxd5 Qxd5 11. Bf3 Qa5 12. Nxc6 bxc6 13. c3 Rb8 14. b4
Qa3 15. Bc5 Bxc3 16. Bxe7 Ba6 17. Re1 Bxe1 18. Qxe1 Rfe8 19. Bxc6 Rxe7 20. Qxe7
Qc3 21. Rd1 Qxc6 22. Qxa7 Rxb4 23. Qe7 Rb8 24. h4 Re8 25. Qg5 h5 26. Qg3 Qe4
27. Rd6 Bc4 28. a4 Qe5 29. Qxe5 Rxe5 30. Rd4 Ba6 31. f3 Kg7 32. Kf2 Ra5 33. Ke3
Bb7 34. Rc4 Bd5 35. Rd4 Bc6 36. Rc4 Bxa4 37. Kf2 Bb5 38. Rc2 Ra4 39. Kg3 f5 40.
Rb2 f4+ 41. Kh2 Bd3 42. Rb7+ Kf6 43. Rd7 Bf5 44. Rd2 Ke5 45. Kg1 Ra1+ 46. Kh2
Ra3 47. Kg1 Rd3 48. Rb2 Kd4 49. Ra2 Ke3 50. Kh2 Rd2 51. Ra1 Kf2 52. Ra4 Bd3 53.
Rd4 Ke3 54. Rd6 Bc2 55. Ra6 Kf2 56. Ra5 Bd3 57. Ra1 Bf1 0-1

[Event "Benidorm 2004 - sub2300"]
[Site "Benidorm ESP"]
[Date "2004.11.22"]
[Round "4.12"]
[White "Minaya, Juan"]
[Black "Palma Macias, Jose Alberto"]
[Result "1/2-1/2"]
[WhiteElo "2278"]
[BlackElo "2164"]
[PlyCount "67"]
[EventDate "2004.11.19"]
[EventType "swiss"]
[EventRounds "9"]
[EventCountry "ESP"]
[Source "lmi"]
[SourceDate "2004.11.19"]

1. e4 c5 2. Nc3 Nc6 3. g3 g6 4. Bg2 Bg7 5. d3 d6 6. Be3 e6 7. Qd2 Rb8 8. Nge2
b5 9. d4 b4 10. Nd1 cxd4 11. Nxd4 Ne5 12. Qe2 Ne7 13. f4 N5c6 14. Nxc6 Nxc6 15.
e5 Qd7 16. exd6 Qxd6 17. Qf2 Ba6 18. Bc5 Qc7 19. a3 b3 20. cxb3 Rxb3 21. Rc1
Ne7 22. Qc2 Qa5+ 23. Kf2 Rc3 24. bxc3 Qxc5+ 25. Ke1 O-O 26. Qa4 Qd6 27. c4 Rd8
28. Qb4 Qd3 29. Rf1 Nd5 30. Qb1 Qxb1 31. Rxb1 Bxc4 32. Rf3 Nb6 33. Bf1 Bd5 34.
Rf2 1/2-1/2

[Event "Benidorm 2004 - sub2300"]
[Site "Benidorm ESP"]
[Date "2004.11.22"]
[Round "4.13"]
[White "De Lucas Bello, Federico"]
[Black "Montilla Carrillo, Esteban"]
[Result "1/2-1/2"]
[WhiteElo "2174"]
[BlackElo "2267"]
[PlyCount "69"]
[EventDate "2004.11.19"]
[EventType "swiss"]
[EventRounds "9"]
[EventCountry "ESP"]
[Source "lmi"]
[SourceDate "2004.11.19"]

1. e4 c5 2. Nf3 d6 3. d4 cxd4 4. Nxd4 Nf6 5. Nc3 a6 6. Bg5 e6 7. f4 Be7 8. Qf3
Qc7 9. O-O-O Nbd7 10. g4 b5 11. Bxf6 gxf6 12. Bd3 Bb7 13. Rhe1 Nc5 14. Kb1
O-O-O 15. a3 Kb8 16. Bf1 h5 17. h3 hxg4 18. hxg4 Rdg8 19. f5 e5 20. Nb3 Nxb3
21. cxb3 Rh4 22. Bh3 Rgh8 23. Bg2 Qb6 24. Nd5 Bxd5 25. Rxd5 Rg8 26. Bh3 Rc8 27.
Rd3 b4 28. a4 Rc5 29. Rdd1 Rh8 30. Rc1 Rhc8 31. Bf1 Bf8 32. Bc4 Bh6 33. Rc2 a5
34. Rd1 Bg5 35. Qd3 1/2-1/2

[Event "Benidorm 2004 - sub2300"]
[Site "Benidorm ESP"]
[Date "2004.11.22"]
[Round "4.14"]
[White "Angel Acosta, Juan Carlos"]
[Black "Celaya Tapiz, Jose Maria"]
[Result "0-1"]
[WhiteElo "2169"]
[BlackElo "2265"]
[PlyCount "84"]
[EventDate "2004.11.19"]
[EventType "swiss"]
[EventRounds "9"]
[EventCountry "ESP"]
[Source "lmi"]
[SourceDate "2004.11.19"]

1. d4 Nf6 2. c4 g6 3. Nf3 Bg7 4. Nc3 d5 5. cxd5 Nxd5 6. Na4 O-O 7. e4 Nb6 8.
Be3 Bg4 9. Nc5 Qc8 10. h3 Bxf3 11. gxf3 N8d7 12. Qc2 Nxc5 13. Qxc5 Qd8 14. h4
h5 15. Rc1 c6 16. f4 Nd7 17. Qc2 e6 18. Qd2 Nb6 19. f5 exf5 20. exf5 Qd5 21.
Rg1 Qxf5 22. Bd3 Qe6 23. Rg3 Rad8 24. Be2 Rfe8 25. Kf1 Qe4 26. Bf3 Qxh4 27. Kg2
Qe7 28. Bg5 Bf6 29. Bxh5 Bxg5 30. Rxg5 Qe4+ 31. Bf3 Qxd4 32. Qa5 Nd5 33. Rd1
Qxb2 34. Bxd5 Rxd5 35. Rdxd5 cxd5 36. Qxd5 Kg7 37. Rg3 Re5 38. Qd8 Qxa2 39. Qb8
Qd5+ 40. Kf1 a5 41. Rh3 Qb5+ 42. Kg1 Rg5+ 0-1

[Event "Benidorm 2004 - sub2300"]
[Site "Benidorm ESP"]
[Date "2004.11.22"]
[Round "4.15"]
[White "Moran Rodriguez, Luciano"]
[Black "Roofthoofd, Marcel"]
[Result "1/2-1/2"]
[WhiteElo "2159"]
[BlackElo "2262"]
[PlyCount "37"]
[EventDate "2004.11.19"]
[EventType "swiss"]
[EventRounds "9"]
[EventCountry "ESP"]
[Source "lmi"]
[SourceDate "2004.11.19"]

1. e4 c5 2. Nf3 e6 3. d4 cxd4 4. Nxd4 Nf6 5. Bd3 e5 6. Nb3 Nc6 7. O-O d5 8. Nc3
h6 9. exd5 Nxd5 10. Nxd5 Qxd5 11. Qe2 Be6 12. f4 f6 13. fxe5 Qxe5 14. Bg6+ Bf7
15. Bxf7+ Kxf7 16. Qc4+ Qe6 17. Qb5 Qd7 18. Qh5+ g6 19. Qf3 1/2-1/2

[Event "Benidorm 2004 - sub2300"]
[Site "Benidorm ESP"]
[Date "2004.11.23"]
[Round "5.1"]
[White "Van Hoolandt, Patrick"]
[Black "Szmetan, Ricardo"]
[Result "0-1"]
[WhiteElo "2269"]
[BlackElo "2283"]
[PlyCount "58"]
[EventDate "2004.11.19"]
[EventType "swiss"]
[EventRounds "9"]
[EventCountry "ESP"]
[Source "lmi"]
[SourceDate "2004.11.19"]

1. c4 e5 2. g3 c6 3. d4 d6 4. Nc3 Nd7 5. Nf3 Ngf6 6. e4 Be7 7. Bg2 O-O 8. O-O
Qc7 9. h3 Re8 10. Be3 Bf8 11. Rb1 a6 12. d5 cxd5 13. cxd5 b5 14. Rc1 Qb8 15.
Nd2 Nb6 16. f3 Bd7 17. b4 Rc8 18. Re1 Nc4 19. Nxc4 Rxc4 20. Qb3 Be7 21. a4 Bd8
22. a5 h6 23. Bf1 Rc8 24. Nb1 Nh5 25. Rxc8 Qxc8 26. Rc1 Qb7 27. Bf2 Bg5 28. Rc3
Kf8 29. h4 Bd8 0-1

[Event "Benidorm 2004 - sub2300"]
[Site "Benidorm ESP"]
[Date "2004.11.23"]
[Round "5.2"]
[White "Farfan, Ortiz Alfredo"]
[Black "Taboas Rodriguez, Daniel"]
[Result "1/2-1/2"]
[WhiteElo "2246"]
[BlackElo "2266"]
[PlyCount "137"]
[EventDate "2004.11.19"]
[EventType "swiss"]
[EventRounds "9"]
[EventCountry "ESP"]
[Source "lmi"]
[SourceDate "2004.11.19"]

1. e4 e6 2. d4 d5 3. Nc3 Bb4 4. e5 b6 5. Qg4 Bf8 6. Bg5 Qd7 7. O-O-O Ba6 8.
Nge2 Nc6 9. f4 f6 10. exf6 gxf6 11. Bh4 f5 12. Qf3 Bg7 13. g4 fxg4 14. Qxg4 Nh6
15. Qh5+ Qf7 16. Qxf7+ Kxf7 17. Bh3 Rae8 18. Rhg1 Nf5 19. Bf2 Bxe2 20. Nxe2 Bh6
21. Rg2 Rhg8 22. Bg4 Ke7 23. Rdg1 Kd6 24. Kd1 Nce7 25. Nc1 Bxf4 26. Ke2 Kc6 27.
Nd3 Bd6 28. Bh5 Ref8 29. Rxg8 Nxg8 30. Ne5+ Bxe5 31. dxe5 Ngh6 32. Be1 Nd4+ 33.
Kd1 Rf5 34. Be8+ Kb7 35. Rg7 Rf1 36. c3 Nf3 37. Ke2 Rxe1+ 38. Kxf3 Rxe5 39.
Rxh7 Rf5+ 40. Kg3 Ng8 41. Bf7 Nf6 42. Rg7 Ne4+ 43. Kg4 Nf6+ 44. Kg3 Nh5+ 45.
Bxh5 Rxh5 46. h4 Kc6 47. Kg4 Rf5 48. h5 Rf1 49. h6 Rh1 50. Kg5 a5 51. h7 Kd6
52. Kg6 Rg1+ 53. Kf7 Rh1 54. Kg8 c5 55. h8=Q Rxh8+ 56. Kxh8 d4 57. Kh7 Ke5 58.
Kg6 b5 59. Kg5 dxc3 60. bxc3 b4 61. cxb4 axb4 62. Kg4 Kd4 63. Kf3 Kc3 64. Ke4
c4 65. Rb7 b3 66. axb3 cxb3 67. Rc7+ Kd2 68. Rb7 Kc2 69. Rc7+ 1/2-1/2

[Event "Benidorm 2004 - sub2300"]
[Site "Benidorm ESP"]
[Date "2004.11.23"]
[Round "5.3"]
[White "De La Fuente Mayan, Alfredo"]
[Black "Renteria, Jorge"]
[Result "1/2-1/2"]
[WhiteElo "2174"]
[BlackElo "2259"]
[PlyCount "137"]
[EventDate "2004.11.19"]
[EventType "swiss"]
[EventRounds "9"]
[EventCountry "ESP"]
[Source "lmi"]
[SourceDate "2004.11.19"]

1. e4 c5 2. Nc3 d6 3. f4 g6 4. d4 cxd4 5. Qxd4 Nf6 6. e5 dxe5 7. Qxd8+ Kxd8 8.
fxe5 Nfd7 9. Nf3 e6 10. Bf4 Bb4 11. O-O-O Bxc3 12. bxc3 h6 13. Bd3 Ke7 14. Nd2
Nc6 15. Rhe1 g5 16. Bg3 Nc5 17. h4 Bd7 18. Rf1 Rac8 19. Nc4 Nd8 20. Nd6 Rc7 21.
c4 b6 22. hxg5 hxg5 23. Rh1 Rg8 24. Rh7 Bc6 25. Rf1 Kf8 26. Be1 Be8 27. Bb4 Bc6
28. g4 a5 29. Ba3 Rg7 30. Rh8+ Rg8 31. Rh7 Rg7 32. Rxg7 Kxg7 33. Bxc5 bxc5 34.
Be4 Kf8 35. Kb2 Ke7 36. Bxc6 Rxc6 37. Kc3 f6 38. Ne4 fxe5 39. Nxg5 Rd6 40. Ne4
Rd4 41. Nxc5 Rxg4 42. Rd1 Nc6 43. Rd7+ Kf6 44. Rd6 Nd4 45. Ra6 Rg2 46. Rxa5
Rxc2+ 47. Kd3 Rh2 48. Nd7+ Ke7 49. Nxe5 Ne2 50. a4 Kd6 51. Nf3 Nc1+ 52. Ke4
Re2+ 53. Kf4 Nd3+ 54. Kg3 Nc5 55. Ra8 Ra2 56. a5 Ra3 57. Kg4 Ra4 58. Nd2 Ra2
59. Nf3 Ra4 60. Nd2 Ra2 61. Nf1 Ke5 62. Ng3 Ra4 63. Kf3 Ra3+ 64. Kg4 Kd4 65.
Nh5 Kxc4 66. Kf4 Kb5 67. Ng7 Rxa5 68. Rxa5+ Kxa5 69. Nxe6 1/2-1/2

[Event "Benidorm 2004 - sub2300"]
[Site "Benidorm ESP"]
[Date "2004.11.23"]
[Round "5.4"]
[White "Garcia, Eduardo"]
[Black "Martin Perez, Javier"]
[Result "1-0"]
[WhiteElo "2298"]
[BlackElo "2232"]
[PlyCount "65"]
[EventDate "2004.11.19"]
[EventType "swiss"]
[EventRounds "9"]
[EventCountry "ESP"]
[Source "lmi"]
[SourceDate "2004.11.19"]

1. e4 e6 2. d3 c5 3. Nf3 Nc6 4. Nbd2 g6 5. g3 Bg7 6. Bg2 d6 7. O-O Nge7 8. Re1
O-O 9. c3 Rb8 10. Nf1 b5 11. d4 cxd4 12. cxd4 d5 13. e5 Bd7 14. Bf4 Qb6 15. Ne3
Rbc8 16. h4 Nf5 17. Nxf5 exf5 18. Re2 Rfe8 19. h5 Be6 20. hxg6 hxg6 21. Bg5 Nb8
22. Qd2 Rc4 23. b3 Rc6 24. Bh6 Bh8 25. Ng5 Rec8 26. Qf4 Nd7 27. Qh4 Qd8 28. Bf3
Rc1+ 29. Re1 Rxa1 30. Rxa1 Rc2 31. Kg2 Qe8 32. Rh1 Bg7 33. Bxg7 1-0

[Event "Benidorm 2004 - sub2300"]
[Site "Benidorm ESP"]
[Date "2004.11.23"]
[Round "5.5"]
[White "Goormachtigh, Johan"]
[Black "Diaz Castro, Sergio"]
[Result "1/2-1/2"]
[WhiteElo "2279"]
[BlackElo "2209"]
[PlyCount "108"]
[EventDate "2004.11.19"]
[EventType "swiss"]
[EventRounds "9"]
[EventCountry "ESP"]
[Source "lmi"]
[SourceDate "2004.11.19"]

1. d4 Nf6 2. c4 g6 3. Nc3 Bg7 4. e4 d6 5. Be2 O-O 6. Nf3 e5 7. Be3 Ng4 8. Bg5
f6 9. Bc1 Nc6 10. d5 Ne7 11. h3 Nh6 12. h4 Nf7 13. h5 f5 14. hxg6 hxg6 15. Bd2
c6 16. Qb3 a5 17. Ng5 f4 18. Ne6 Bxe6 19. dxe6 Ng5 20. Bg4 Rf6 21. Qxb7 Nxe6
22. Bxe6+ Rxe6 23. Qb3 Rb8 24. Qc2 d5 25. cxd5 cxd5 26. exd5 Nxd5 27. Ne4 Rc8
28. Qd3 Nb4 29. Qxd8+ Rxd8 30. Bxb4 axb4 31. Ke2 Ra6 32. a4 bxa3 33. Rxa3 Rb6
34. b3 Rd4 35. f3 Rdb4 36. Rb1 Rb7 37. Ra6 Rxb3 38. Rxb3 Rxb3 39. Rxg6 Kf7 40.
Rd6 Rb2+ 41. Rd2 Rxd2+ 42. Kxd2 Ke6 43. Kd3 Bf8 44. Kc4 Ba3 45. Nc3 Bb2 46. Ne4
Bd4 47. Nd2 Be3 48. Nb3 Kd6 49. Kd3 Kd5 50. g4 fxg3 51. Kxe3 g2 52. Kf2 e4 53.
f4 e3+ 54. Kxg2 e2 1/2-1/2

[Event "Benidorm 2004 - sub2300"]
[Site "Benidorm ESP"]
[Date "2004.11.23"]
[Round "5.7"]
[White "Fenollar Jorda, Manuel"]
[Black "Lacrosse, Marc"]
[Result "1-0"]
[WhiteElo "2191"]
[BlackElo "2264"]
[PlyCount "31"]
[EventDate "2004.11.19"]
[EventType "swiss"]
[EventRounds "9"]
[EventCountry "ESP"]
[Source "lmi"]
[SourceDate "2004.11.19"]

1. d4 d5 2. Nf3 Nf6 3. e3 Bf5 4. c4 e6 5. Qb3 Qc8 6. Bd2 c6 7. Be2 h6 8. O-O
Be7 9. Bb4 Bxb4 10. Qxb4 Na6 11. Qa3 Nc7 12. Nc3 Qd8 13. Ne5 Nd7 14. f4 f6 15.
Bh5+ g6 16. Nxg6 1-0

[Event "Benidorm 2004 - sub2300"]
[Site "Benidorm ESP"]
[Date "2004.11.23"]
[Round "5.8"]
[White "Ballesteros Gonzalez, David"]
[Black "Garcia Gata, Jorge David"]
[Result "0-1"]
[WhiteElo "2248"]
[BlackElo "2021"]
[PlyCount "82"]
[EventDate "2004.11.19"]
[EventType "swiss"]
[EventRounds "9"]
[EventCountry "ESP"]
[Source "lmi"]
[SourceDate "2004.11.19"]

1. d4 Nf6 2. c4 c5 3. d5 b5 4. cxb5 a6 5. b6 a5 6. Nc3 Ba6 7. e4 Bxf1 8. Kxf1
d6 9. f4 Nbd7 10. Nf3 Nxb6 11. Qe2 Rb8 12. Qa6 g6 13. Qxa5 Bg7 14. Qb5+ Nbd7
15. Qe2 O-O 16. e5 dxe5 17. fxe5 Ng4 18. Bf4 Rb4 19. g3 Qb8 20. b3 Ngxe5 21.
Kg2 f6 22. Rad1 Qa8 23. Rhf1 Kh8 24. Bxe5 Nxe5 25. Nxe5 fxe5 26. Rxf8+ Qxf8 27.
Ne4 Rd4 28. Nxc5 Qa8 29. Rxd4 exd4 30. Qe6 Qxa2+ 31. Kh3 Qf2 32. Qc8+ Bf8 33.
Ne4 Qf1+ 34. Kh4 h6 35. Qe6 Kg7 36. Qe5+ Kh7 37. Qxd4 Bg7 38. Qe3 g5+ 39. Kg4
Qd1+ 40. Kh3 Qf1+ 41. Kg4 h5+ 0-1

[Event "Benidorm 2004 - sub2300"]
[Site "Benidorm ESP"]
[Date "2004.11.23"]
[Round "5.9"]
[White "Sanchez Barbado, Carlos"]
[Black "Rocabert Andreu, Guillem"]
[Result "1/2-1/2"]
[WhiteElo "2082"]
[BlackElo "2248"]
[PlyCount "40"]
[EventDate "2004.11.19"]
[EventType "swiss"]
[EventRounds "9"]
[EventCountry "ESP"]
[Source "lmi"]
[SourceDate "2004.11.19"]

1. e4 Nf6 2. e5 Nd5 3. d4 d6 4. c4 Nb6 5. exd6 cxd6 6. Nf3 g6 7. Be2 Bg7 8. O-O
O-O 9. Nc3 Nc6 10. b3 Bg4 11. Be3 d5 12. c5 Nc8 13. h3 Bxf3 14. Bxf3 e6 15. Rb1
N8e7 16. g4 e5 17. Nb5 a6 18. Nd6 e4 19. Be2 f5 20. f4 Rb8 1/2-1/2

[Event "Benidorm 2004 - sub2300"]
[Site "Benidorm ESP"]
[Date "2004.11.23"]
[Round "5.10"]
[White "Sanz Montarelo, Teodoro"]
[Black "Pena, Alfredo"]
[Result "0-1"]
[WhiteElo "2162"]
[BlackElo "2242"]
[PlyCount "84"]
[EventDate "2004.11.19"]
[EventType "swiss"]
[EventRounds "9"]
[EventCountry "ESP"]
[Source "lmi"]
[SourceDate "2004.11.19"]

1. e4 e5 2. Nf3 Nc6 3. Bb5 a6 4. Ba4 Nf6 5. O-O Be7 6. Re1 b5 7. Bb3 d6 8. c3
O-O 9. d4 Bb7 10. Nbd2 Re8 11. Ng5 Rf8 12. Nf1 h6 13. Nf3 Re8 14. Ng3 Bf8 15.
d5 Na5 16. Bc2 g6 17. a4 c6 18. dxc6 Bxc6 19. b4 Nc4 20. Bb3 Qc7 21. Bxc4 bxc4
22. Qe2 Bb7 23. h4 h5 24. Bg5 Nh7 25. Be3 d5 26. exd5 Bxd5 27. Rad1 Bb7 28. Nd2
Rac8 29. a5 f5 30. Bb6 Qf7 31. Ngf1 Nf6 32. Ne3 Ne4 33. Nxe4 Bxe4 34. Qa2 Bd3
35. Nc2 f4 36. b5 axb5 37. Na3 b4 38. Nb5 b3 39. Qb2 Qd7 40. Na3 e4 41. Bd4 f3
42. Qd2 Qg4 0-1

[Event "Benidorm 2004 - sub2300"]
[Site "Benidorm ESP"]
[Date "2004.11.23"]
[Round "5.11"]
[White "Mihailovs, Jurijs"]
[Black "Martinez Tormo, Jorge"]
[Result "1-0"]
[WhiteElo "2212"]
[BlackElo "2240"]
[PlyCount "106"]
[EventDate "2004.11.19"]
[EventType "swiss"]
[EventRounds "9"]
[EventCountry "ESP"]
[Source "lmi"]
[SourceDate "2004.11.19"]

1. d4 d5 2. c4 e6 3. Nc3 Nf6 4. cxd5 exd5 5. Bg5 Be7 6. e3 Nbd7 7. Nf3 O-O 8.
Qc2 c6 9. Bd3 Re8 10. h3 Nf8 11. O-O-O Be6 12. Kb1 Rc8 13. Ne5 N8d7 14. Bf4
Nxe5 15. Bxe5 b5 16. Rc1 a6 17. Rhd1 Qb6 18. g4 Red8 19. Bf5 g6 20. Bxe6 fxe6
21. f4 c5 22. Qf2 cxd4 23. Bxd4 Bc5 24. h4 Bxd4 25. exd4 Rc4 26. h5 Rdc8 27.
hxg6 hxg6 28. Qe3 b4 29. Ne2 Rxc1+ 30. Rxc1 Rxc1+ 31. Nxc1 Qb5 32. Qd3 Qb8 33.
Ne2 a5 34. Kc2 Kf7 35. Kd2 Nd7 36. f5 exf5 37. gxf5 Nf6 38. fxg6+ Kg7 39. Qf5
Qh2 40. Qf4 Ne4+ 41. Kd3 Qh3+ 42. Kc2 Qc8+ 43. Kb1 Kxg6 44. Qe3 Qg4 45. Qd3 Qf5
46. Kc2 Qf7 47. Kb3 Qf6 48. Ka4 Qb6 49. Nf4+ Kf5 50. Nxd5 Qc6+ 51. Qb5 Qc2+ 52.
Kxa5 Qxb2 53. Nxb4+ Kg4 1-0

[Event "Benidorm 2004 - sub2300"]
[Site "Benidorm ESP"]
[Date "2004.11.23"]
[Round "5.12"]
[White "Garcia Garcia, Ruben"]
[Black "De Lucas Bello, Federico"]
[Result "1-0"]
[WhiteElo "2297"]
[BlackElo "2174"]
[PlyCount "49"]
[EventDate "2004.11.19"]
[EventType "swiss"]
[EventRounds "9"]
[EventCountry "ESP"]
[Source "lmi"]
[SourceDate "2004.11.19"]

1. e4 c5 2. Nf3 d6 3. d4 cxd4 4. Nxd4 Nf6 5. Nc3 a6 6. f3 e5 7. Nb3 Be6 8. Be3
Qc7 9. g4 Nbd7 10. g5 Nh5 11. Nd5 Bxd5 12. Qxd5 Be7 13. Bh3 g6 14. O-O-O Rc8
15. c3 O-O 16. Bxd7 Qxd7 17. Qxe5 Rc7 18. Qa5 Rfc8 19. h4 Rc4 20. Kb1 b5 21.
Qxa6 Ng7 22. Rd5 Rb8 23. Nd4 Ra4 24. Qc6 Qa7 25. Nf5 1-0

[Event "Benidorm 2004 - sub2300"]
[Site "Benidorm ESP"]
[Date "2004.11.23"]
[Round "5.13"]
[White "Dimitrov, Christo"]
[Black "Hostalet Ferrer, Pedro Enrique"]
[Result "1-0"]
[WhiteElo "2290"]
[BlackElo "2180"]
[PlyCount "107"]
[EventDate "2004.11.19"]
[EventType "swiss"]
[EventRounds "9"]
[EventCountry "ESP"]
[Source "lmi"]
[SourceDate "2004.11.19"]

1. e4 c6 2. d4 d5 3. exd5 cxd5 4. Bd3 Nc6 5. c3 Qc7 6. Ne2 Bg4 7. f3 Bh5 8. Nf4
Nf6 9. g4 Bg6 10. g5 Nh5 11. Nxd5 Qd6 12. Be4 e6 13. Ne3 Be7 14. Nc4 Qc7 15.
Bxc6+ bxc6 16. Ne5 O-O 17. Be3 c5 18. Nd2 Bf5 19. f4 f6 20. gxf6 Nxf6 21. Qf3
Rab8 22. Qc6 Rfc8 23. Qxc7 Rxc7 24. Ndc4 cxd4 25. Bxd4 Nd5 26. Rf1 Bh3 27. Rg1
Nxf4 28. b4 Rd8 29. b5 g6 30. Nc6 Rd5 31. a4 Nd3+ 32. Ke2 Bf5 33. Ne3 Nf4+ 34.
Kf3 Bd6 35. Nxd5 exd5 36. Rae1 a6 37. Re8+ Kf7 38. Rh8 axb5 39. Rxh7+ Kg8 40.
Rxc7 Bxc7 41. axb5 Ne6 42. Ne7+ Kf7 43. Nxd5 Bxh2 44. Rh1 Ng5+ 45. Ke3 Be4 46.
Rxh2 Bxd5 47. Rf2+ Ke8 48. Rf6 Bf7 49. b6 Kd8 50. b7 Kc7 51. Rb6 Nf3 52. b8=Q+
Kd7 53. Qa7+ Ke8 54. Rb8# 1-0

[Event "Benidorm 2004 - sub2300"]
[Site "Benidorm ESP"]
[Date "2004.11.23"]
[Round "5.14"]
[White "Martin Martin, Luis Vicente"]
[Black "Minaya, Juan"]
[Result "1/2-1/2"]
[WhiteElo "2149"]
[BlackElo "2278"]
[PlyCount "81"]
[EventDate "2004.11.19"]
[EventType "swiss"]
[EventRounds "9"]
[EventCountry "ESP"]
[Source "lmi"]
[SourceDate "2004.11.19"]

1. e4 e6 2. d4 c5 3. c3 d5 4. e5 Nc6 5. Nf3 Qb6 6. a3 c4 7. Nbd2 Na5 8. Be2 Bd7
9. O-O f5 10. exf6 gxf6 11. Rb1 Rc8 12. Re1 Nh6 13. Nf1 Nf7 14. Bf4 Bd6 15.
Bxd6 Qxd6 16. N3d2 O-O 17. Bg4 Rc6 18. g3 Rb6 19. f4 Kh8 20. Kh1 e5 21. Bxd7
Qxd7 22. fxe5 fxe5 23. dxe5 d4 24. Qf3 Re8 25. cxd4 Ng5 26. Qg2 Qxd4 27. Nf3
Nxf3 28. Qxf3 Qc5 29. Qe3 Qc6+ 30. Qe4 Rxe5 31. Qxc6 Nxc6 32. Rec1 Na5 33. Nd2
Re2 34. Nxc4 Nxc4 35. Rxc4 Rexb2 36. Rxb2 Rxb2 37. Rc7 a5 38. a4 Kg8 39. h4 h6
40. Rc5 b6 41. Rc7 1/2-1/2